Statistics for Classic Rock Song Titles of the 1980's by Synonym

Click here to take the quiz!

General Stats

  • This quiz has been taken 290 times
    (266 since last reset)
  • The average score is 11 of 19

Answer Stats

HintAnswer% Correct
Insane Choo ChooCrazy Train
87%
Light Sensing Organ of the Large Striped FelineEye of the Tiger
83%
Desired: Deceased or LivingWanted: Dead or Alive
76%
Laboring for Saturday and SundayWorking for the Weekend
71%
Uncomfortably Warm for the InstructorHot for Teacher
69%
Gunfire in the Absence of LightShot in the Dark
67%
Currency for No Discernible ReasonMoney for Nothing
66%
You Provide Affection with a Poor Quality TitleYou Give Love a Bad Name
64%
Possessor of an Isolated Blood PumpOwner of a Lonely Heart
58%
You Moved Me Up and Down with Rapid, Forceful, Jerky Movements From Dusk until DawnYou Shook Me All Night Long
56%
Cover Me with a Certain Quantity of CarbohydratePour Some Sugar On Me
49%
Stone the CitadelRock the Casbah
47%
One Time Masticated, Second Time BashfulOnce Bitten, Twice Shy
45%
Addressed to the People Who Will Shortly Perform Heavy MetalFor Those About to Rock
43%
I Have Yet to Complete a Successful Search for the Object of My DesireI Still Haven't Found What I'm Looking For
42%
The Last and Ultimate Series of Descending NumbersThe Final Countdown
42%
I Am Not Capable of Motoring at the Prescribed Speed LimitI Can't Drive 55
41%
Inferior DrugsBad Medicine
35%
My Group Will Not Accept DeliveryWe're Not Gonna Take It
17%

Score Distribution

Percentile by Number Answered

Percent of People with Each Score

Your Score History

You have not taken this quiz since the last reset